Musician Dossier — Jim Morrison - Statistics

General Stats
  • This quiz has been taken 7 times
  • The average score is 15 of 19
Answer Stats
Hint Answer % Correct
Jim Morrison died in 1971 at the age... 27
100%
Last album of his band recorded with him L. A. Woman
100%
Most famous nickname of him {Lizard} King
100%
City where he's died Paris
100%
Band where he was a frontman The Doors
100%
Actor portrayed Jim Morrison in the 1991 movie Val Kilmer
100%
Morrison's father was an admiral, who was responsible for the organization of Tonkin incident, led to this war {Vietnam} War
100%
{Break on through} to the other side
86%
Another two famous musicians died the same age before him (name either) Jimi Hendrix|Janis Joplin
86%
People are {strange} when you're a stranger
86%
Jim Morrison also was known not only as musician but as a... Poet
86%
Riders on the {storm}, like a dog without a bone
86%
This is the {end}, beautiful friend, this is the {end}
86%
State where he was born Florida
71%
Name of his girlfriend who also died year after Pamela Courson
71%
The name of his famous topless photoshoot (you can see it on the thumbnail) Young Lion
57%
Come on baby, {light my fire}
43%
Cemetry when you can find his grave Père Lachaise
43%
Who portrayed Jim Morrison in Family Guy? Peter Griffin
29%
No matching quizzes found
Score Distribution
Percent of People with Each Score
Percentile by Number Answered
Your Score History
You have not taken this quiz